Statistics for Members of BTS (Bangtan Boys) (K-Pop)

Click here to take the quiz!

General Stats

  • This quiz has been taken 6,049 times
    (114 since last reset)
  • The average score is 7 of 7

Answer Stats

Answer % Correct
V
100%
Suga
100%
RM
99%
Jin
99%
Jimin
99%
J-Hope
98%
Jung Kook
97%

Score Distribution

Percentile by Number Answered

Percent of People with Each Score

Your Score History

You have not taken this quiz since the last reset